|
|
|
|
| LEADER |
00671cam a2200193 7i4500 |
| 001 |
0000005093 |
| 005 |
20170218090000.0 |
| 020 |
|
|
|a 9780750658669 (pbk.)
|
| 020 |
|
|
|a 0750658665
|
| 090 |
0 |
0 |
|a TA347.F5
|b L54 2003
|
| 100 |
1 |
|
|a Liu, G. R
|q (Gui-Rong)
|
| 245 |
1 |
4 |
|a The finite element method :
|b a practical course
|c G.R. Liu, S.S. Quek.
|
| 260 |
|
|
|a Oxford:
|b Butterworth-Heinemann,
|c 2003.
|
| 300 |
|
|
|a xv, 348 p.:
|b ill.;
|c 25 cm.
|
| 504 |
|
|
|a Includes bibliographical references and index
|
| 650 |
0 |
0 |
|a Finite element method
|
| 700 |
1 |
|
|a Quek, S. S
|
| 997 |
|
|
|a Engineering, Faculty
|b Engineering, Department
|
| 999 |
|
|
|a 0000007917
|b BOK
|c OPEN SHELF
|e 2nd Floor, Bestari Jaya
|